[Event "31. Copenhagen Open Politiken Cup"]
[Site "Helsingør"]
[Date "2009.07.18"]
[Round "1.140"]
[White "Wasenius, Thomas"]
[Black "Jorgensen, Carina Eilegaard"]
[Result "0-1"]
[WhiteElo "1199"]
[BlackElo "2013"]
[PlyCount "66"]
[EventDate "2009.07.18"]
[EventType "swiss"]
[EventRounds "9"]
[EventCountry "DEN"]
[Source "lmi"]
[SourceDate "2009.07.18"]
[WhiteTeam "Moss"]
[BlackTeam "Enkeltmedlem"]

1. d4 d5 2. c4 dxc4 3. e4 Nf6 4. Nc3 Nc6 5. e5 Nd5 6. Nf3 e6 7. Bxc4 Bb4 8. Qd2
a6 9. a4 b6 10. O-O O-O 11. Qd3 h6 12. Bb3 Nce7 13. Ne2 a5 14. Rd1 Ba6 15. Qc2
Rc8 16. Bc4 Bxc4 17. Qxc4 c5 18. dxc5 Rxc5 19. Qg4 Kh7 20. Ng3 Ng6 21. h4 Qc7
22. Qe4 Rc4 23. Rd4 Rxc1+ 24. Rxc1 Qxc1+ 25. Kh2 Kg8 26. Nf5 Qf4+ 27. Qxf4
Ngxf4 28. Ng3 Rc8 29. Ne4 Rc2 30. b3 Rb2 31. g3 Ne2 32. Rd3 Nec3 33. Nxc3 Bxc3
0-1